Historical atlas of East Central Europe
Αποθηκεύτηκε σε:
| Κύριος συγγραφέας: | |
|---|---|
| Άλλοι συγγραφείς: | |
| Μορφή: | Βιβλίο |
| Γλώσσα: | English |
| Δημοσίευση: |
Seattle :
University of Washington Press,
c1993
|
| Σειρά: | History of East Central Europe ;
; 1 |
| Θέματα: | |
| Ετικέτες: |
Προσθήκη ετικέτας
Δεν υπάρχουν, Καταχωρήστε ετικέτα πρώτοι!
|
MARC
| LEADER | 00000nam a2200000 i 4500 | ||
|---|---|---|---|
| 001 | 1/83089 | ||
| 008 | 990528s1993 eng d | ||
| 020 | |a 0-295-97248-3 | ||
| 035 | |l 10051261 | ||
| 040 | |a GR-MY-UA |b gre |e aacr | ||
| 041 | 0 | |a eng | |
| 082 | 0 | |a 911.47 | |
| 100 | 1 | |a Magocsi, Paul R. | |
| 245 | 1 | 0 | |a Historical atlas of East Central Europe / |c Paul Robert Magocsi; cartographic design by Geoffrey J. Matthews |
| 260 | |a Seattle : |b University of Washington Press, |c c1993 | ||
| 300 | |a 218 p. |b ill.; maps | ||
| 490 | 1 | |a History of East Central Europe |v ; 1 | |
| 504 | |a Includes bibliographical references and index | ||
| 651 | 0 | |a Europe, Eastern |x Historical geography |x Maps. | |
| 651 | 0 | |a Europe, Eastern |x History. | |
| 700 | 1 | |a Matthews, Geoffrey J. | |
| 830 | 0 | |a History of East Central Europe ; |v ; 1 | |
| 852 | |a INST |b LESVOS |e 19990528 |h 911.47 MAG |p 005100015998 |q 005100015998 |t BK |y 0 | ||
| 901 | |a BIBL1-1999-2 | ||
| 909 | |a Λ |b 063593 | ||
| 922 | |a 1ΕΛΗ |b 199901 |c ΚΠΣ/ΚΥΒ |d LEADER | ||
| 950 | |a 023-1998-09-14 | ||